logo

Bir Sreshtho Munshi Abdur Rouf Library
Jhenaidah Cadet College

চন্দ্রশেখর / (Record no. 2955)

MARC details
000 -LEADER
fixed length control field 00722nam a2200217 a 4500
001 - CONTROL NUMBER
JCCL Control Number 2955
003 - CONTROL NUMBER IDENTIFIER
JCCL marc code BD-JhCC
005 - DATE AND TIME OF LATEST TRANSACTION
control field 20171108184513.0
008 - FIXED-LENGTH DATA ELEMENTS--GENERAL INFORMATION
fixed length control field 171108s bg |||| ||a| 000 0 ben d
035 ## - SYSTEM CONTROL NUMBER
system control number (BD-JhCC)2955
040 ## - CATALOGING SOURCE
Original cataloging agency BD-JhCC
Modifying agency BD-JhCC
041 ## - LANGUAGE CODE
Language code of Book ben
082 ## - DEWEY DECIMAL CLASSIFICATION NUMBER
Classification number 891.442
Author mark and Year CHA
100 ## - MAIN ENTRY--PERSONAL NAME
Personal name চট্টোপাধ্যায়, বঙ্কিমচন্দ্র
245 ## - TITLE STATEMENT
Title চন্দ্রশেখর /
Statement of responsibility, etc বঙ্কিমচন্দ্র চট্টোপাধ্যায়,
260 ## - PUBLICATION, DISTRIBUTION, ETC. (IMPRINT)
Place of publication, distribution, etc ঢাকা :
Name of publisher, distributor, etc ঈস্ট পাকিস্তান পাবলিশার্স,
300 ## - PHYSICAL DESCRIPTION
Pagination 148 p. :
Dimensions 18 cm.
650 ## - SUBJECT ADDED ENTRY--TOPICAL TERM
Topical term or geographic name as entry element Bengali Drama
942 ## - ADDED ENTRY ELEMENTS (KOHA)
Source of classification or shelving scheme Dewey Decimal Classification
Koha item type Books
Holdings
Source of classification or shelving scheme Damaged status Not for loan Home library Current library Shelving location Date of accession Cost, normal purchase price Total Checkouts Full call number Barcode Date last seen Copy number Koha item type Date checked out Method of acquisition Currency
Dewey Decimal Classification     JCC Rouf Library JCC Rouf Library General Stacks 11/08/2017 2.00   891.442 CHA 4247 11/08/2017 C-1 Books      
Dewey Decimal Classification     JCC Rouf Library JCC Rouf Library General Stacks 11/11/2017 2.00   891.442 CHA 4885 11/11/2017 C-2 Books      
Dewey Decimal Classification     JCC Rouf Library JCC Rouf Library General Stacks   160.00 2 891.442 CHA 2021 18663 02/24/2025 C-3 Books 02/16/2025 Purchase BDT
Dewey Decimal Classification     JCC Rouf Library JCC Rouf Library General Stacks   160.00   891.442 CHA 2021 18664 03/02/2024 C-4 Books   Purchase BDT

JCC Library | Contacts | JCC Home

Last Update on 23 September 2017
Copyright @ 2017-2020 JCC Rouf Library
Rouf Library, Jhenidah Cadet College (JCC), Bangladesh